[Event "SRI-ch"]
[Site "Colombo"]
[Date "2024.03.25"]
[Round "7"]
[White "Liyanage, Pesandu Rashmitha"]
[Black "Ahangama, Senuka Aswin"]
[Result "1-0"]
[WhiteElo "1871"]
[BlackElo "1752"]
[PlyCount "112"]
[EventDate "2024.03.22"]
[EventType "tourn"]
[EventRounds "13"]
[EventCountry "SRI"]
[SourceTitle "CB15_2024"]
[SourceDate "2024.04.10"]
[SourceVersion "1"]
[SourceVersionDate "2024.04.10"]
[SourceQuality "1"]

1. d4 d5 2. Bf4 e6 3. e3 Nf6 4. Nf3 Bd6 5. Bg3 0-0 6. Nbd2 b6 7. Bd3 Bb7 8. c3 Nbd7 9. Qb1 h6 10. Ne5 Nh5 11. f4 Nxg3 12. hxg3 f5 13. Nxd7 Qxd7 14. Qd1 Qf7 15. Nf3 c5 16. g4 c4 17. Bc2 fxg4 18. Ne5 Bxe5 19. dxe5 d4 20. Qxg4 d3 21. Bd1 Qf5 22. Qxf5 exf5 23. Bf3 Bxf3 24. gxf3 b5 25. Kd2 a5 26. Rag1 Kh7 27. Rh4 Ra6 28. Rhh1 Rb6 29. Rg2 Rg6 30. Rxg6 Kxg6 31. Rg1+ Kh7 32. b3 g6 33. Rb1 h5 34. a4 cxb3 35. Rxb3 bxa4 36. Ra3 h4 37. Rxa4 h3 38. Rxa5 Rb8 39. Ra1 h2 40. Kxd3 Rb2 41. c4 Rg2 42. Rh1 Kg7 43. Kd4 Kf7 44. Kd5 Rd2+ 45. Kc6 Ke6 46. c5 Rc2 47. Kb6 Rb2+ 48. Kc7 Kd5 49. c6 Ke6 50. Kc8 Kd5 51. c7 Ke6 52. Rd1 Rd2 53. Rb1 Rb2 54. Rxb2 h1Q 55. Kb8 Qc1 56. c8Q+ Kd5 1-0

[Event "SRI-ch"]
[Site "Colombo"]
[Date "2024.03.23"]
[Round "2"]
[White "Dandeniya, DDLN"]
[Black "Liyanage, Pesandu Rashmitha"]
[Result "1-0"]
[WhiteElo "1800"]
[BlackElo "1871"]
[PlyCount "55"]
[EventDate "2024.03.22"]
[EventType "tourn"]
[EventRounds "13"]
[EventCountry "SRI"]
[SourceTitle "CB15_2024"]
[SourceDate "2024.04.10"]
[SourceVersion "1"]
[SourceVersionDate "2024.04.10"]
[SourceQuality "1"]

1. d4 Nf6 2. c4 c5 3. d5 b5 4. cxb5 a6 5. f3 g6 6. e4 d6 7. Nc3 Bg7 8. Be3 0-0 9. a4 Nbd7 10. Nh3 axb5 11. Bxb5 Ne8 12. Nf2 f5 13. exf5 Rxf5 14. 0-0 Ba6 15. Bxa6 Rxa6 16. Qe2 Qa8 17. g4 Rf7 18. Nfe4 Nc7 19. Ng5 Rf8 20. Bd2 Nb6 21. Qxe7 Nbxd5 22. Nxd5 Qxd5 23. Bc3 Ne8 24. Rad1 Qa8 25. Qe6+ Kh8 26. Nf7+ Rxf7 27. Qxf7 h6 28. Rfe1 1-0

[Event "Asia-ch Amateur"]
[Site "Dubai"]
[Date "2023.09.01"]
[Round "7"]
[White "Liyanage, Pesandu Rashmitha"]
[Black "Ranjith, RK."]
[Result "1-0"]
[WhiteElo "1830"]
[BlackElo "1699"]
[PlyCount "69"]
[EventDate "2023.08.28"]
[EventType "swiss"]
[EventRounds "9"]
[EventCountry "UAE"]
[SourceTitle "EXT 2024"]
[Source "ChessBase"]
[SourceDate "2023.10.10"]
[SourceVersion "1"]
[SourceVersionDate "2023.10.10"]
[SourceQuality "1"]

1. d4 e6 2. Nf3 f5 3. Nc3 Bb4 4. Bg5 Nf6 5. g4 0-0 6. gxf5 Bxc3+ 7. bxc3 exf5 8. Rg1 Kh8 9. e3 d6 10. Bd3 Qe8 11. Nh4 Qh5 12. Nxf5 Qxh2 13. Rf1 Qh3 14. Ng3 Bg4 15. Be2 Bxe2 16. Qxe2 Qg4 17. Bxf6 Qxe2+ 18. Kxe2 Rxf6 19. e4 Nd7 20. f4 Rg6 21. Rf3 Rf8 22. Raf1 Rg4 23. e5 g6 24. Kd2 Kg7 25. Ne2 h5 26. c4 Rg2 27. Kd3 h4 28. Ke3 Re8 29. Re1 g5 30. Rh3 gxf4+ 31. Nxf4 Rg3+ 32. Rxg3+ hxg3 33. e6 Kf6 34. Kf3 c6 35. exd7 1-0

[Event "Asia-ch Amateur"]
[Site "Dubai"]
[Date "2023.08.29"]
[Round "3"]
[White "De Chaudhuri, Aditya"]
[Black "Liyanage, Pesandu Rashmitha"]
[Result "1-0"]
[WhiteElo "1124"]
[BlackElo "1830"]
[PlyCount "93"]
[EventDate "2023.08.28"]
[EventType "swiss"]
[EventRounds "9"]
[EventCountry "UAE"]
[SourceTitle "EXT 2024"]
[Source "ChessBase"]
[SourceDate "2023.10.10"]
[SourceVersion "1"]
[SourceVersionDate "2023.10.10"]
[SourceQuality "1"]

1. e4 c5 2. Nf3 d6 3. d4 cxd4 4. Nxd4 Nf6 5. Nc3 a6 6. h3 e5 7. Nf3 h5 8. Bc4 Qc7 9. Bb3 Be6 10. Bg5 Nbd7 11. 0-0 b5 12. Re1 Be7 13. a4 bxa4 14. Bxa4 Qb7 15. Qd2 0-0 16. Bxd7 Qxd7 17. Red1 Rfb8 18. b3 Qc6 19. Nd5 Bxd5 20. exd5 Qc7 21. Bxf6 Bxf6 22. Ra2 a5 23. Qe2 g6 24. Nd2 Bd8 25. Nc4 f5 26. Ra4 Rb4 27. Rda1 Rxa4 28. Rxa4 Qc5 29. Qd2 f4 30. Nb2 Ra7 31. Rc4 Qb5 32. Rc6 Qb8 33. Nc4 Bc7 34. Qd3 Kh7 35. Nxe5 Qe8 36. Nf3 Qe7 37. Qc3 a4 38. bxa4 Ba5 39. Qd4 Rb7 40. Qxf4 Bd8 41. h4 Qg7 42. Rc8 Qd7 43. Rc3 Qg7 44. Re3 Rf7 45. Ng5+ Bxg5 46. Qxg5 Rb7 47. Re6 1-0

[Event "SRI-chT"]
[Site "Colombo"]
[Date "2023.07.29"]
[Round "3.6"]
[White "Seneviratne, Malinda"]
[Black "Liyanage, Pesandu Rashmitha"]
[Result "1-0"]
[WhiteElo "1806"]
[BlackElo "1893"]
[PlyCount "93"]
[EventDate "2023.07.28"]
[EventType "team-tourn"]
[EventRounds "9"]
[EventCountry "SRI"]
[SourceTitle "CBM 215 Extra"]
[Source "ChessBase"]
[SourceDate "2023.09.30"]
[SourceVersion "1"]
[SourceVersionDate "2023.09.30"]
[SourceQuality "1"]
[WhiteTeam "DBK"]
[BlackTeam "Fischer CC"]
[WhiteTeamCountry "SRI"]
[BlackTeamCountry "SRI"]

1. e4 c5 2. Nc3 Nc6 3. Bb5 Nd4 4. Nf3 Nxb5 5. Nxb5 d6 6. d4 Nf6 7. Nc3 cxd4 8. Qxd4 e5 9. Qd3 h6 10. Nd2 Be6 11. Nc4 Rc8 12. Ne3 Rc5 13. 0-0 Qc7 14. Rd1 a6 15. a4 Be7 16. Ncd5 Nxd5 17. exd5 Bd7 18. c4 a5 19. b3 0-0 20. Ba3 f5 21. f3 f4 22. Nf1 Bf5 23. Qe2 b6 24. Nd2 Qb7 25. Bxc5 bxc5 26. Ra3 Qb4 27. Rda1 Qc3 28. Ne4 Qb4 29. Qe1 Qb6 30. Rb1 g5 31. Ra2 Bd8 32. g3 fxg3 33. hxg3 Qc7 34. Rbb2 Qe7 35. Rh2 Kg7 36. Qe3 Bg6 37. Rae2 Rf5 38. Nf2 Qf8 39. Kg2 Rf7 40. Ne4 Rf5 41. Rf2 h5 42. Rh1 h4 43. gxh4 gxh4 44. Kf1 Rf4 45. Ke2 Qf5 46. Rg2 Kf7 47. Nxd6+ 1-0

[Event "SRI-ch"]
[Site "Colombo"]
[Date "2023.03.27"]
[Round "6"]
[White "De Silva, LMST"]
[Black "Liyanage, Pesandu Rashmitha"]
[Result "1-0"]
[WhiteElo "2452"]
[BlackElo "1734"]
[PlyCount "91"]
[EventDate "2023.03.25"]
[EventType "tourn"]
[EventRounds "13"]
[EventCountry "SRI"]
[SourceTitle "CBM 213 Extra"]
[Source "ChessBase"]
[SourceDate "2023.05.31"]
[SourceVersion "1"]
[SourceVersionDate "2023.05.31"]
[SourceQuality "1"]

1. Nf3 Nf6 2. c4 g6 3. b3 Bg7 4. Bb2 0-0 5. g3 d6 6. d4 Nbd7 7. Bg2 e5 8. dxe5 Ng4 9. 0-0 Ngxe5 10. Nc3 Nxf3+ 11. Bxf3 a6 12. Qc2 Rb8 13. Nd5 Bxb2 14. Qxb2 c6 15. Nc3 Ne5 16. Bg2 b5 17. cxb5 axb5 18. Rad1 Qc7 19. Ne4 d5 20. Nc5 Nd7 21. Nd3 Re8 22. Rc1 Qd6 23. Rfd1 Bb7 24. Qd2 Qe7 25. e3 h5 26. Re1 Nf6 27. Nc5 Rbd8 28. Qa5 Bc8 29. Qb6 Rd6 30. e4 d4 31. Nd3 Nd7 32. Qc7 Ne5 33. Qxe7 Rxe7 34. Nxe5 Rxe5 35. f4 Re7 36. e5 Rd8 37. Rxc6 d3 38. Rd1 Ra7 39. Rd2 Bf5 40. Rc5 Kg7 41. Kf2 Rxa2 42. Rxa2 d2 43. Bf3 Bg4 44. Ke3 d1Q 45. Bxd1 Rxd1 46. Rxb5 1-0

[Event "SRI-ch"]
[Site "Colombo"]
[Date "2023.03.27"]
[Round "5"]
[White "Liyanage, Pesandu Rashmitha"]
[Black "Samaranayake, KPRN"]
[Result "1-0"]
[WhiteElo "1734"]
[BlackElo "1916"]
[PlyCount "29"]
[EventDate "2023.03.25"]
[EventType "tourn"]
[EventRounds "13"]
[EventCountry "SRI"]
[SourceTitle "CBM 213 Extra"]
[Source "ChessBase"]
[SourceDate "2023.05.31"]
[SourceVersion "1"]
[SourceVersionDate "2023.05.31"]
[SourceQuality "1"]

1. d4 Nf6 2. Bg5 Ne4 3. h4 c5 4. d5 Qb6 5. Nd2 Nxd2 6. Bxd2 Qxb2 7. Nf3 d6 8. Rb1 Qa3 9. e4 a6 10. c4 Bg4 11. Rxb7 Nd7 12. Qc2 Bxf3 13. gxf3 Rb8 14. Rxb8+ Nxb8 15. Rh3 1-0

[Event "SRI-ch"]
[Site "Colombo"]
[Date "2023.03.26"]
[Round "4"]
[White "Dabarera, GWDM"]
[Black "Liyanage, Pesandu Rashmitha"]
[Result "1-0"]
[WhiteElo "1956"]
[BlackElo "1734"]
[PlyCount "41"]
[EventDate "2023.03.25"]
[EventType "tourn"]
[EventRounds "13"]
[EventCountry "SRI"]
[SourceTitle "CBM 213 Extra"]
[Source "ChessBase"]
[SourceDate "2023.05.31"]
[SourceVersion "1"]
[SourceVersionDate "2023.05.31"]
[SourceQuality "1"]

1. e4 c5 2. c3 Nf6 3. e5 Nd5 4. Nf3 Nc6 5. d4 cxd4 6. Bc4 Nb6 7. Bb3 d6 8. exd6 e6 9. 0-0 Bxd6 10. cxd4 0-0 11. Nc3 Nd5 12. Re1 b6 13. a3 Nxc3 14. bxc3 Bb7 15. Bc2 g6 16. Ng5 Kg7 17. Rxe6 h6 18. Rxg6+ fxg6 19. Ne6+ Kh7 20. Nxd8 Raxd8 21. Qh5 1-0

[Event "SRI-ch"]
[Site "Colombo"]
[Date "2023.03.25"]
[Round "1"]
[White "Liyanage, Pesandu Rashmitha"]
[Black "Alahakoon, Isuru"]
[Result "1-0"]
[WhiteElo "1734"]
[BlackElo "1874"]
[PlyCount "94"]
[EventDate "2023.03.25"]
[EventType "tourn"]
[EventRounds "13"]
[EventCountry "SRI"]
[SourceTitle "CBM 213 Extra"]
[Source "ChessBase"]
[SourceDate "2023.05.31"]
[SourceVersion "1"]
[SourceVersionDate "2023.05.31"]
[SourceQuality "1"]

1. d4 Nf6 2. Bg5 d5 3. Bxf6 gxf6 4. c4 c5 5. Nc3 cxd4 6. Qxd4 Nc6 7. Qxd5 Be6 8. Qb5 Qc7 9. Rd1 a6 10. Qa4 Bh6 11. Nf3 0-0 12. e3 b5 13. cxb5 axb5 14. Qh4 Bg7 15. Bxb5 Ne5 16. Nd4 Bc4 17. Bxc4 Qxc4 18. Nf5 Qxh4 19. Nxh4 Rfb8 20. b3 e6 21. Ke2 f5 22. Rd4 Ng6 23. Nxg6 Bxd4 24. exd4 fxg6 25. Na4 Rb4 26. Rd1 Ra5 27. f4 Kf7 28. Ke3 Ke7 29. Rd2 h6 30. Nc5 g5 31. g3 Rb8 32. a4 Kd6 33. Kd3 Ra7 34. Kc4 gxf4 35. gxf4 Rg8 36. Re2 Re7 37. a5 h5 38. b4 h4 39. b5 Rg4 40. a6 Rxf4 41. Rxe6+ Rxe6 42. Nxe6 Rf1 43. a7 Rc1+ 44. Kd3 Ra1 45. b6 Ra3+ 46. Kc2 f4 47. b7 Kd5 1-0

[Event "SRI-chB"]
[Site "Colombo"]
[Date "2023.03.05"]
[Round "4"]
[White "Liyanage, Pesandu Rashmitha"]
[Black "Weerawardane, Romesh"]
[Result "1-0"]
[WhiteElo "1734"]
[BlackElo "1924"]
[PlyCount "25"]
[EventDate "2023.03.04"]
[EventType "swiss"]
[EventRounds "11"]
[EventCountry "SRI"]
[SourceTitle "CBM 213 Extra"]
[Source "ChessBase"]
[SourceDate "2023.05.31"]
[SourceVersion "1"]
[SourceVersionDate "2023.05.31"]
[SourceQuality "1"]

1. d4 Nf6 2. Bg5 e6 3. e4 d5 4. Nc3 Be7 5. e5 Nfd7 6. h4 Bxg5 7. hxg5 Qxg5 8. Nh3 Qe7 9. Qg4 g6 10. 0-0-0 a6 11. f4 c5 12. dxc5 Nxc5 13. Nxd5 1-0

[Event "Colombo Golden Jubilee op"]
[Site "Colombo"]
[Date "2022.11.26"]
[Round "6"]
[White "Sanudula, KM Dahamdi"]
[Black "Liyanage, Pesandu Rashmitha"]
[Result "1-0"]
[WhiteElo "1567"]
[BlackElo "1812"]
[PlyCount "45"]
[EventDate "2022.11.23"]
[EventType "swiss"]
[EventRounds "9"]
[EventCountry "SRI"]
[SourceTitle "CBM 211 Extra"]
[Source "ChessBase"]
[SourceDate "2023.01.31"]
[SourceVersion "1"]
[SourceVersionDate "2023.01.31"]
[SourceQuality "1"]

1. d4 Nf6 2. Nc3 d6 3. e4 Nbd7 4. Nf3 e5 5. Bc4 Be7 6. 0-0 c6 7. dxe5 dxe5 8. Ng5 0-0 9. f4 h6 10. Nf3 Bc5+ 11. Kh1 b5 12. Bd3 Re8 13. fxe5 Ng4 14. Qe1 Qb6 15. h3 Nf2+ 16. Kh2 Nxe5 17. Nxe5 Rxe5 18. Bf4 Rh5 19. Be2 Bg4 20. Bg3 f5 21. Bxf2 Qc7+ 22. Bg3 Qe7 23. exf5 1-0

[Event "Colombo Golden Jubilee op"]
[Site "Colombo"]
[Date "2022.11.24"]
[Round "3"]
[White "Liyanage, Pesandu Rashmitha"]
[Black "Sandanayake, Dehansa Nisanduni"]
[Result "1-0"]
[WhiteElo "1812"]
[BlackElo "1332"]
[PlyCount "47"]
[EventDate "2022.11.23"]
[EventType "swiss"]
[EventRounds "9"]
[EventCountry "SRI"]
[SourceTitle "CBM 211 Extra"]
[Source "ChessBase"]
[SourceDate "2023.01.31"]
[SourceVersion "1"]
[SourceVersionDate "2023.01.31"]
[SourceQuality "1"]

1. Nf3 Nf6 2. d4 g6 3. Nc3 Bg7 4. e4 d6 5. Bf4 0-0 6. Qd2 a6 7. Bh6 Nbd7 8. 0-0-0 b5 9. e5 Ne8 10. h4 f6 11. h5 g5 12. Bxg5 fxg5 13. h6 Bh8 14. Qxg5+ Ng7 15. hxg7 Bxg7 16. Bd3 Nf6 17. exf6 Rxf6 18. Bxh7+ Kf8 19. Nd5 Rf5 20. Bxf5 Bxf5 21. Qxf5+ Ke8 22. Rh7 Bf8 23. Nf6+ exf6 24. Qh5# 1-0

[Event "Commonwealth-ch"]
[Site "Waskaduwa"]
[Date "2022.11.21"]
[Round "8"]
[White "Mohammad Fahad, Rahman"]
[Black "Liyanage, Pesandu Rashmitha"]
[Result "1-0"]
[WhiteElo "2380"]
[BlackElo "1812"]
[PlyCount "60"]
[EventDate "2022.11.14"]
[EventType "swiss"]
[EventRounds "9"]
[EventCountry "SRI"]
[SourceTitle "CBM 211 Extra"]
[Source "ChessBase"]
[SourceDate "2023.01.31"]
[SourceVersion "1"]
[SourceVersionDate "2023.01.31"]
[SourceQuality "1"]

1. d4 Nf6 2. c4 c5 3. d5 b5 4. cxb5 a6 5. bxa6 Bxa6 6. Nc3 d6 7. e4 Bxf1 8. Kxf1 g6 9. g3 Bg7 10. Nf3 0-0 11. Kg2 Nbd7 12. a4 Qb6 13. Qc2 Rfb8 14. Nb5 Ne8 15. Bd2 Nc7 16. Nxc7 Qxc7 17. Rhb1 Qb6 18. Ra3 Ne5 19. Nxe5 Bxe5 20. b4 cxb4 21. Rxb4 Qc5 22. Rxb8+ Rxb8 23. Qxc5 dxc5 24. Be3 c4 25. a5 Ra8 26. a6 c3 27. a7 c2 28. Ra4 Bb2 29. Rb4 Rxa7 30. Rxb2 Rc7 1-0

[Event "Commonwealth-ch"]
[Site "Waskaduwa"]
[Date "2022.11.19"]
[Round "6"]
[White "Liyanage, Pesandu Rashmitha"]
[Black "Hossain, Enamul"]
[Result "1/2-1/2"]
[WhiteElo "1812"]
[BlackElo "2392"]
[PlyCount "90"]
[EventDate "2022.11.14"]
[EventType "swiss"]
[EventRounds "9"]
[EventCountry "SRI"]
[SourceTitle "CBM 211 Extra"]
[Source "ChessBase"]
[SourceDate "2023.01.31"]
[SourceVersion "1"]
[SourceVersionDate "2023.01.31"]
[SourceQuality "1"]

1. d4 Nf6 2. c4 e6 3. Nf3 d5 4. g3 Bb4+ 5. Bd2 Be7 6. Bg2 0-0 7. 0-0 c6 8. Qc2 b6 9. Bf4 Bb7 10. Rd1 Nbd7 11. Ne5 Nxe5 12. dxe5 Nd7 13. cxd5 cxd5 14. e4 Rc8 15. Qd2 g5 16. Be3 Nxe5 17. exd5 Nc4 18. Qe2 Nxe3 19. Qxe3 exd5 20. Nc3 Bc5 21. Qf3 Qe7 22. Nxd5 Bxd5 23. Rxd5 Rcd8 24. Rad1 Rxd5 25. Qxd5 Qf6 26. Qd2 Re8 27. b4 Bf8 28. a3 h6 29. Bf1 Kg7 30. Bb5 Re5 31. Bc4 a5 32. Re1 Rxe1+ 33. Qxe1 axb4 34. axb4 Qd4 35. Qe2 Bxb4 36. Kg2 Bc5 37. h3 h5 38. Bd3 h4 39. gxh4 gxh4 40. Qg4+ Qxg4+ 41. hxg4 f6 42. f4 Be3 43. g5 Bxf4 44. gxf6+ Kxf6 45. Kh1 Ke5 1/2-1/2

[Event "Bhubaneswar op-A 13th"]
[Site "Bhubaneswar"]
[Date "2022.05.26"]
[Round "6"]
[White "Manish, Anto Cristiano F"]
[Black "Liyanage, Pesandu Rashmitha"]
[Result "1/2-1/2"]
[WhiteElo "2071"]
[BlackElo "1730"]
[PlyCount "104"]
[EventDate "2022.05.22"]
[EventType "swiss"]
[EventRounds "10"]
[EventCountry "IND"]
[SourceTitle "CBM 208 Extra"]
[Source "ChessBase"]
[SourceDate "2022.07.31"]
[SourceVersion "1"]
[SourceVersionDate "2022.07.31"]
[SourceQuality "1"]

1. e4 c5 2. Nf3 a6 3. c3 d5 4. exd5 Nf6 5. d4 Nxd5 6. dxc5 e6 7. Bd3 Bxc5 8. 0-0 Nc6 9. Nbd2 Ne3 10. fxe3 Bxe3+ 11. Kh1 Qxd3 12. Nc4 Qxd1 13. Rxd1 Bxc1 14. Raxc1 Ke7 15. Nb6 Rb8 16. Ng5 f6 17. Ne4 Rd8 18. Rxd8 Kxd8 19. Nd6 Bd7 20. Rd1 Ne5 21. Nf7+ Kc7 22. Nxe5 fxe5 23. Rxd7+ Kxb6 24. Kg1 Kc6 25. Re7 Rd8 26. Rxe6+ Kd5 27. Re7 Ke4 28. h4 b5 29. Rxg7 h5 30. Rg5 Rd2 31. b4 Rxa2 32. Rxh5 Kf4 33. Rh8 Rc2 34. Rg8 e4 35. h5 e3 36. Kf1 Rc1+ 37. Ke2 Rc2+ 38. Kd1 Ra2 39. Rf8+ Kg5 40. Re8 Kxh5 41. g3 Rd2+ 42. Ke1 Rd3 43. Rc8 Rd2 44. Rc6 Rc2 45. Rxa6 Rxc3 46. Rb6 Kg4 47. Rxb5 Kxg3 48. Ke2 Rb3 49. Rb8 Kf4 50. Rf8+ Ke4 51. Re8+ Kd4 52. Rd8+ Ke5 1/2-1/2

[Event "SRI-chB"]
[Site "Mount Lavinia"]
[Date "2022.03.18"]
[Round "6"]
[White "Thenuka, Kuruwita Gamalathge"]
[Black "Liyanage, Pesandu Rashmitha"]
[Result "1/2-1/2"]
[WhiteElo "1754"]
[BlackElo "1813"]
[PlyCount "69"]
[EventDate "2022.03.16"]
[EventType "swiss"]
[EventRounds "10"]
[EventCountry "SRI"]
[SourceTitle "EXT 2023"]
[Source "ChessBase"]
[SourceDate "2022.10.05"]
[SourceVersion "1"]
[SourceVersionDate "2022.10.05"]
[SourceQuality "1"]

1. d4 Nf6 2. Nf3 g6 3. c4 Bg7 4. g3 0-0 5. Bg2 d6 6. 0-0 c6 7. Nc3 a6 8. Bf4 b5 9. cxb5 axb5 10. a3 Qb6 11. b4 Nd5 12. Nxd5 cxd5 13. Qd2 Nc6 14. Bh6 Nxd4 15. Bxg7 Nxf3+ 16. Bxf3 Kxg7 17. Qxd5 Ra7 18. Qc6 Qxc6 19. Bxc6 Bd7 20. Rfc1 Bxc6 21. Rxc6 Rfa8 22. Rb6 Rxa3 23. Rxa3 Rxa3 24. Rxb5 Rb3 25. e4 Kf6 26. h4 h5 27. Kg2 Rb2 28. Kf3 Rb3+ 29. Kg2 e5 30. Rb7 Ke6 31. b5 f5 32. exf5+ Kxf5 33. b6 d5 34. Rb8 d4 35. b7 1/2-1/2

[Event "Asia-ch U20"]
[Site "Waskaduwa"]
[Date "2021.12.22"]
[Round "8"]
[White "Amarathunga, Kosala Sandeepa Cha"]
[Black "Liyanage, Pesandu Rashmitha"]
[Result "0-1"]
[WhiteElo "1319"]
[BlackElo "1827"]
[PlyCount "112"]
[EventDate "2021.12.17"]
[EventType "swiss"]
[EventRounds "9"]
[EventCountry "SRI"]
[SourceTitle "CBM 206 Extra"]
[Source "ChessBase"]
[SourceDate "2022.03.31"]
[SourceVersion "1"]
[SourceVersionDate "2022.03.31"]
[SourceQuality "1"]

1. e4 c5 2. Nf3 a6 3. d4 cxd4 4. Nxd4 Nf6 5. Nc3 d6 6. Bd3 g6 7. h3 Bg7 8. Nde2 Nc6 9. 0-0 0-0 10. Be3 b5 11. a3 Bb7 12. Qd2 Re8 13. Rae1 e6 14. Ng3 Qc7 15. Bh6 Bh8 16. f4 d5 17. e5 Nd7 18. Bg5 Bg7 19. Nh1 Rac8 20. Kh2 Na5 21. Nd1 Nc4 22. Qf2 Qc5 23. Qh4 Qd4 24. Rf3 a5 25. Nhf2 b4 26. axb4 axb4 27. c3 bxc3 28. bxc3 Qc5 29. Ng4 Qf8 30. Rg3 Ra8 31. Bxc4 dxc4 32. Nde3 Ra2 33. Nxc4 h5 34. Nd6 hxg4 35. Nxb7 Rb8 36. Be7 Qc8 37. Nd6 Qc6 38. Qxg4 Rbb2 39. Ne4 Rc2 40. Bb4 Nxe5 41. Nf6+ Bxf6 42. fxe5 Bh4 43. Ree3 Bxg3+ 44. Rxg3 Re2 45. Qg5 Qe4 46. Bd6 Qf5 47. Qd8+ Kh7 48. Qh4+ Kg7 49. c4 Qf1 50. Qg5 Ra1 51. Rg4 Qh1+ 52. Kg3 Qxg2+ 53. Kh4 Qf2+ 54. Rg3 Re4+ 55. Qg4 Rxg4+ 56. Kxg4 Qf5+ 0-1